| 000 | 00417nam a2200169Ia 4500 | ||
|---|---|---|---|
| 005 | 20250423095541.0 | ||
| 008 | 250422s9999 xx 000 0 und d | ||
| 020 | _a0- 312- 19895- 7 | ||
| 050 | _aPS3557.085G77 | ||
| 100 | _aRon Goulart | ||
| 245 | 0 | _aGroucho marx, private eye | |
| 260 | _bST. Martins press | ||
| 260 | _c1999 | ||
| 300 | _a263 p | ||
| 650 | _aMars, Groucho, 1891- 1977- fiction | ||
| 942 | _cBK | ||
| 999 |
_c30616 _d30616 |
||